Kubung

Bibliographic Details
Main Author: Dzulhelmi Nasir , 1986- (Author)
Format: Book
Language:Malay
Published: Kuala Lumpur, Malaysia : Dewan Bahasa dan Pustaka c2016
Subjects:

MARC

LEADER 00000cam a2200000 7i4500
001 0000093049
005 20200316093000.0
008 170620s2016 my may
020 |a 9789834619183 
040 |a UniSZA   |e rda 
050 0 0 |a QL737.D4   |b D98 2016 
090 0 0 |a QL737.D4   |b D98 2016 
100 0 |a Dzulhelmi Nasir ,   |d 1986- ,   |e author 
245 1 0 |a Kubung   |c Dzulhelmi Nasir 
264 1 |a Kuala Lumpur, Malaysia :   |b Dewan Bahasa dan Pustaka   |c c2016 
300 |a x, 90 pages :   |b color illustration ;   |c 23 cm. 
336 |a text  |2 rdacontent 
337 |a unmediated  |2 rdamedia 
338 |a volume  |2 rdacarrier 
504 |a Includes bibliographical references (p. 85-88) and index 
505 0 |a 1. Pengenalan _ 2. Morfologi Kubung _ 3. Adaptasi ekologi _ 4. Kubung haiwan nokturnal _ 5. Pengurusan mampan 
650 0 |a Cynocephalus 
650 0 |a Flying lemurs 
999 |a 1000171427   |b Book   |c OPEN SHELF (30 DAYS)   |e Tembila Campus